000 00295nam a2200109Ia 4500
005 20251222143213.0
008 251222s9999||||xx |||||||||||||| ||spa||
082 _a379.85/C76H
245 0 _aHacia un Proyecto Educativo Nacional 2006-2021
264 _bConsejo Nacional de Educación
942 _cLIB
999 _c13526
_d13526